| 000 | 01471cad a22002175a 4500 | ||
|---|---|---|---|
| 001 | L124892 | ||
| 008 | 040122s2003 xxk l f000 0 eng u | ||
| 020 | _a0110483553 | ||
| 035 | _a(Sirsi) u124892 | ||
| 041 | _aeng | ||
| 245 | 0 | 0 |
_aWater Environment (Water Framework Directive)(England and Wales) Regulations 2003 _h[electronic resource] |
| 260 |
_aLondon _bHMSO _c2003 |
||
| 490 |
_aSI _v2003: 3242 |
||
| 520 | _aCame into force 2 January 2004. Implement Directive 2000/60/EC which establishes a framework for Community action in the field of water policy known as the water framework directive. The regulations require a new strategic planning policy to be established for the purposes of managing, protecting and improving the quality of water resources in river basin districts. The Environment Agency is responsible for preparing river basin management plans for each river basin district which must include results of technical analytical data, environmental objectives and proposals for programmes of measures. See Explanatory Note for full details of regulations. View at www.legislation.hmso.gov.uk/si/. | ||
| 650 | _aWATER ENVIRONMENT (WATER FRAMEWORK DIRECTIVE) (ENGLAND AND WALES) REGULATIONS 2003 | ||
| 650 | _aDIRECTIVE 2000/60/EC | ||
| 650 | _aWATER MANAGEMENT | ||
| 690 |
_aEnvironment _96238 |
||
| 856 |
_uhttps://www.legislation.gov.uk/uksi/2003/3242/contents/made _zView the Regulations free of charge at www.legislation.gov.uk |
||
| 942 | _n0 | ||
| 999 |
_c103307 _d103307 |
||